00545nam a2200205 a 4500001001300000003000900013005001700022008004100039020001000080082001600090100002600106245002400132260004300156300000900199500003500208505001600243650003500259650001900294700002600313nice12345678IN_TiNIC20260116011306.0050524s1899 luca grp 000 0 per  ac10000a891.51bNAS aNasar, S M Ali Habeeb aDiwan-E-Mojiz Bayan aLucknowbAnwar-I-Mohammadi Pressc1899 a360p aincludes index and biblioraphy2 aIndex, 145p aPersian Poetry-Hairat Badayuni aPersian Poetry1 aNasar, S M Ali Habeeb